[Event "Australian Junior Championship U18 2017"]
[Site "?"]
[Date "2017.01.16"]
[Round "1.1"]
[White "White, Henry"]
[Black "Maguire, Tom"]
[Result "0-1"]
[WhiteElo "1610"]
[BlackElo "2116"]
[PlyCount "44"]
[EventDate "2017.??.??"]

1. e4 c6 2. d4 d5 3. exd5 cxd5 4. Bd3 Nf6 5. c3 Bg4 6. Qb3 Qc7 7. f3 Bh5 8. Ne2
e6 9. Bf4 Qd7 10. Bxb8 Qc8 11. Bg3 a6 12. Nf4 Be7 13. O-O g5 14. Ne2 Bg6 15.
Bxg6 hxg6 16. Nd2 Nh5 17. Bf2 Bd6 18. g3 e5 19. Kh1 Qh3 20. Bg1 O-O-O 21. dxe5
Bc5 22. Bf2 Nf4 0-1

[Event "Australian Junior Championship U18 2017"]
[Site "?"]
[Date "2017.01.16"]
[Round "1.2"]
[White "Slater-Jones, Tom"]
[Black "Herrmann, Oscar"]
[Result "1-0"]
[WhiteElo "2048"]
[BlackElo "1595"]
[PlyCount "73"]
[EventDate "2017.??.??"]

1. d4 Nf6 2. c4 e6 3. Nc3 Bb4 4. Qc2 d5 5. cxd5 exd5 6. Bg5 h6 7. Bh4 c5 8. a3
Bxc3+ 9. bxc3 g5 10. Bg3 Ne4 11. Bxb8 Rxb8 12. f3 Nf6 13. Qd2 Qe7 14. g3 Bf5
15. Bg2 g4 16. Qf4 Rd8 17. Qxf5 h5 18. Qe5 h4 19. gxh4 Rxh4 20. Qxe7+ Kxe7 21.
Rb1 Rd7 22. e3 Kd6 23. h3 gxh3 24. Rxh3 Rxh3 25. Nxh3 cxd4 26. cxd4 Re7 27. Kd2
b6 28. Rc1 Re8 29. Nf4 a6 30. Kd3 b5 31. e4 dxe4+ 32. fxe4 Ke7 33. e5 Nh7 34.
Rc7+ Kf8 35. Ke4 Kg8 36. Kf5 Nf8 37. Bd5 1-0

[Event "Australian Junior Championship U18 2017"]
[Site "?"]
[Date "2017.01.16"]
[Round "1.3"]
[White "Fahey, Aaron"]
[Black "Yang, Ray"]
[Result "0-1"]
[WhiteElo "1532"]
[BlackElo "2011"]
[PlyCount "68"]
[EventDate "2017.??.??"]

1. e4 e6 2. d4 d5 3. Nc3 Bb4 4. e5 c5 5. a3 Bxc3+ 6. bxc3 Ne7 7. Bg5 Qa5 8. Qd2
Nbc6 9. Bxe7 Kxe7 10. Nf3 b6 11. Be2 Ba6 12. Bxa6 Qxa6 13. Qg5+ Kf8 14. Qd2 Rc8
15. Qd3 Qxd3 16. cxd3 cxd4 17. cxd4 Na5 18. O-O Ke7 19. Ra2 Rc3 20. Rd1 Nb3 21.
a4 Rhc8 22. Kf1 Nc1 23. Ra1 Nxd3 24. a5 b5 25. Rab1 a6 26. g3 Nc1 27. Nd2 Na2
28. Nb3 R3c4 29. Nc5 Nc3 30. Nxa6 Nxd1 31. Rxb5 Rxd4 32. Rb7+ Kf8 33. Nc7 Ra4
34. a6 Rxc7 0-1

[Event "Australian Junior Championship U18 2017"]
[Site "?"]
[Date "2017.01.16"]
[Round "1.4"]
[White "Parle, Hughston"]
[Black "Harrison, Liam"]
[Result "1-0"]
[WhiteElo "1846"]
[BlackElo "1520"]
[PlyCount "37"]
[EventDate "2017.??.??"]

1. e4 e5 2. Nf3 Nc6 3. d4 exd4 4. Bc4 h6 5. O-O Bc5 6. c3 Qf6 7. e5 Qg6 8. cxd4
Be7 9. d5 Qg4 10. Be2 Nb8 11. Nc3 a6 12. d6 cxd6 13. exd6 Bf6 14. Nd5 Bd8 15.
Ng5 Qf5 16. Bg4 Qg6 17. Re1+ Kf8 18. Qe2 f6 19. Bh5 1-0

[Event "Australian Junior Championship U18 2017"]
[Site "?"]
[Date "2017.01.16"]
[Round "1.5"]
[White "De Git, Cole"]
[Black "Mikkelsen, Max"]
[Result "0-1"]
[WhiteElo "939"]
[BlackElo "1712"]
[PlyCount "76"]
[EventDate "2017.??.??"]

1. c4 e6 2. Nc3 b6 3. d3 Bb4 4. Nf3 Bb7 5. a3 Bxc3+ 6. bxc3 f5 7. Bg5 Nf6 8. e3
O-O 9. Be2 d6 10. d4 Nbd7 11. O-O Qe8 12. Nh4 h6 13. Bxf6 Nxf6 14. f4 g5 15.
Nf3 g4 16. Nh4 Kh7 17. Bd3 Ne4 18. Qe1 Qh5 19. g3 Kg7 20. Ra2 Rh8 21. Rb2 Rad8
22. Bxe4 Bxe4 23. Qe2 Qe8 24. Qd1 Qc6 25. Qe2 Qa4 26. Ra1 Rhf8 27. h3 h5 28.
Kh2 c5 29. Raa2 Rc8 30. Ng2 Qc6 31. Qf1 cxd4 32. exd4 Qxc4 33. Qxc4 Rxc4 34.
Rb3 Rfc8 35. Rab2 Rxc3 36. Ne3 Rc1 37. Ng2 gxh3 38. Kxh3 Rh1# 0-1

[Event "Australian Junior Championship U18 2017"]
[Site "?"]
[Date "2017.01.16"]
[Round "1.6"]
[White "Harris, Timothy"]
[Black "Hawkins, Colm"]
[Result "1-0"]
[WhiteElo "1636"]
[BlackElo "730"]
[PlyCount "59"]
[EventDate "2017.??.??"]

1. d4 d5 2. c4 dxc4 3. e4 Nf6 4. Nc3 e6 5. Bxc4 Be7 6. Nf3 b6 7. O-O O-O 8. Qe2
Re8 9. Rd1 Bb7 10. h3 h6 11. Bf4 a6 12. a4 Bb4 13. Bd3 Qe7 14. Rac1 Nbd7 15.
Bxc7 Rac8 16. Bh2 Nf8 17. Bxa6 Bxc3 18. bxc3 Nxe4 19. Bxb7 Qxb7 20. Qe3 f5 21.
Ne5 Qa6 22. c4 Qxa4 23. f3 Nf6 24. Ra1 Qb4 25. Rdb1 Qe7 26. Rxb6 N8d7 27. Rb7
Qd8 28. Raa7 Re7 29. Nxd7 e5 30. Nxf6+ 1-0

[Event "Australian Junior Championship U18 2017"]
[Site "?"]
[Date "2017.01.16"]
[Round "2.1"]
[White "Maguire, Tom"]
[Black "Parle, Hughston"]
[Result "1-0"]
[WhiteElo "2116"]
[BlackElo "1846"]
[PlyCount "51"]
[EventDate "2017.??.??"]

1. d4 Nf6 2. c4 g6 3. Nc3 d5 4. e3 Bg7 5. Qb3 e6 6. Qa3 b6 7. Nf3 Nbd7 8. cxd5
Nxd5 9. Nxd5 exd5 10. Bb5 Bb7 11. Qa4 c5 12. Ne5 Bxe5 13. dxe5 a6 14. Bc6 b5
15. Bxd7+ Qxd7 16. Qf4 O-O-O 17. O-O g5 18. Qxg5 Rhg8 19. Qh5 Rg6 20. e4 Rdg8
21. g3 dxe4 22. e6 Rxe6 23. Qxc5+ Rc6 24. Qa7 Kc7 25. Bf4+ Rd6 26. Bxd6+ 1-0

[Event "Australian Junior Championship U18 2017"]
[Site "?"]
[Date "2017.01.16"]
[Round "2.2"]
[White "Mikkelsen, Max"]
[Black "Slater-Jones, Tom"]
[Result "0-1"]
[WhiteElo "1712"]
[BlackElo "2048"]
[PlyCount "118"]
[EventDate "2017.??.??"]

1. e4 e6 2. d4 d5 3. exd5 exd5 4. c4 Bd6 5. Nc3 Nf6 6. Nf3 O-O 7. Be2 dxc4 8.
O-O h6 9. Bxc4 Nbd7 10. h3 c6 11. Re1 Nb6 12. Bd3 Nbd5 13. Ne5 Bxe5 14. dxe5
Nxc3 15. bxc3 Nd5 16. Qb3 Re8 17. c4 Ne7 18. Bb2 c5 19. Rad1 Qc7 20. Be4 Be6
21. Bd5 Rad8 22. Ba1 Nc6 23. f4 Rd7 24. g4 g6 25. Qf3 Nb4 26. Rd2 Red8 27. Red1
b5 28. a3 Nc6 29. Qg2 bxc4 30. f5 Bxd5 31. Rxd5 Nd4 32. Rxd7 Qxd7 33. Bxd4 cxd4
34. fxg6 fxg6 35. Qe4 Qe6 36. Rf1 Rf8 37. Qxd4 Qb6 38. Qxb6 axb6 39. Rc1 b5 40.
Rb1 Rf3 41. Rxb5 Rxh3 42. Kg2 Rxa3 43. Rc5 c3 44. Kf3 c2+ 45. Ke4 Ra2 46. Kd5
Ra5 47. Rxa5 c1=Q 48. Ra8+ Kg7 49. Ra7+ Kf8 50. Ra8+ Ke7 51. Ra7+ Kd8 52. Ke6
Qc8+ 53. Kf7 Qxg4 54. Kg7 h5 55. Ra6 Ke7 56. Ra7+ Ke6 57. Kh6 h4 58. Ra6+ Kxe5
59. Ra5+ Kd6 0-1

[Event "Australian Junior Championship U18 2017"]
[Site "?"]
[Date "2017.01.16"]
[Round "2.3"]
[White "Gong, Michael"]
[Black "White, Henry"]
[Result "1/2-1/2"]
[WhiteElo "1626"]
[BlackElo "1610"]
[PlyCount "115"]
[EventDate "2017.??.??"]

1. c4 c5 2. Nc3 g6 3. g3 Bg7 4. Bg2 Nc6 5. Nf3 d6 6. O-O e5 7. d3 Nge7 8. a3
O-O 9. Rb1 a5 10. Bd2 Rb8 11. Nb5 f5 12. Nc3 Kh8 13. h4 Be6 14. Ng5 Bg8 15. Nd5
h6 16. Nxe7 Nxe7 17. Nh3 b5 18. Qc1 Kh7 19. b4 axb4 20. axb4 bxc4 21. dxc4 cxb4
22. Rxb4 Qc7 23. Rd1 Qc5 24. Qb1 Rxb4 25. Bxb4 Qxc4 26. Bxd6 Re8 27. Bxe7 Rxe7
28. Qd3 Qxd3 29. Rxd3 Bc4 30. Rd2 Ra7 31. Bd5 Ra1+ 32. Kg2 Ba6 33. Ng1 e4 34.
Ra2 Rxa2 35. Bxa2 Bd4 36. e3 Bb6 37. Nh3 Kg7 38. Nf4 g5 39. hxg5 hxg5 40. Nd5
Bd8 41. Nb4 Bb5 42. Bd5 Be2 43. Nc6 Bf6 44. Be6 Kg6 45. Nb4 Be5 46. Nd5 Bd6 47.
Bd7 Bc4 48. Bc6 Kf7 49. Nc3 Ke6 50. Nb5 Be5 51. Na3 Bd5 52. Bb5 f4 53. gxf4
gxf4 54. exf4 Bxf4 55. Bc4 Ke5 56. Bxd5 Kxd5 57. f3 e3 58. Nc2 1/2-1/2

[Event "Australian Junior Championship U18 2017"]
[Site "?"]
[Date "2017.01.16"]
[Round "2.4"]
[White "Yang, Ray"]
[Black "Harris, Timothy"]
[Result "0-1"]
[WhiteElo "2011"]
[BlackElo "1636"]
[PlyCount "52"]
[EventDate "2017.??.??"]

1. d4 d5 2. c4 c6 3. cxd5 cxd5 4. Bf4 Nc6 5. e3 Bf5 6. Qb3 Qb6 7. Bb5 Nf6 8.
Nc3 e6 9. Nf3 Be7 10. Ne5 Rc8 11. O-O O-O 12. Na4 Qa5 13. Rac1 Nxe5 14. Bxe5
Ne4 15. Bd7 Nd2 16. Qxb7 Nxf1 17. Bxc8 Nxe3 18. fxe3 Qd2 19. Qc7 Be4 20. Kf1
Bxg2+ 21. Kg1 Be4 22. Kf1 Bd3+ 23. Kg1 Qxe3+ 24. Kg2 Qe2+ 25. Kg1 Be4 26. Rc2
Qe1# 0-1

[Event "Australian Junior Championship U18 2017"]
[Site "?"]
[Date "2017.01.16"]
[Round "2.5"]
[White "Herrmann, Oscar"]
[Black "De Git, Cole"]
[Result "1-0"]
[WhiteElo "1595"]
[BlackElo "939"]
[PlyCount "123"]
[EventDate "2017.??.??"]

1. d4 d5 2. c4 c6 3. Nf3 Nf6 4. Nc3 g6 5. Bg5 Bg7 6. e3 O-O 7. h3 Nbd7 8. Qc2
h6 9. Bf4 Nh5 10. Bh2 Nhf6 11. cxd5 cxd5 12. Bd3 e6 13. O-O a6 14. a4 Qe7 15.
Rab1 b6 16. Na2 Bb7 17. Rfc1 Rfc8 18. Qe2 Ne8 19. b4 e5 20. dxe5 Nxe5 21. Nxe5
Bxe5 22. Bxe5 Qxe5 23. Qb2 Rxc1+ 24. Nxc1 Qd6 25. Ne2 Nc7 26. Nd4 Kh7 27. Nb3
Re8 28. Rd1 b5 29. axb5 axb5 30. Nd4 Qd7 31. Qe2 Ba6 32. Rc1 Rc8 33. Rc5 Ne6
34. Nxe6 fxe6 35. Rxc8 Qxc8 36. Bxb5 Bb7 37. Qd2 Qd8 38. Bf1 Qd6 39. Qd4 e5 40.
Qa7 Qc6 41. b5 Qc8 42. b6 Qa8 43. Qxa8 Bxa8 44. Ba6 Kg7 45. b7 Bxb7 46. Bxb7 d4
47. Kf1 Kf6 48. Ke2 Ke6 49. exd4 exd4 50. Kd3 Ke5 51. Bf3 h5 52. Bc6 Kd6 53.
Bb7 Ke5 54. Bf3 h4 55. Bb7 g5 56. Bf3 Kf5 57. Kxd4 Kf4 58. Kd3 Kf5 59. Ke3 Ke5
60. Bg4 Kd5 61. Kf3 Kd4 62. Bc8 1-0

[Event "Australian Junior Championship U18 2017"]
[Site "?"]
[Date "2017.01.16"]
[Round "2.6"]
[White "Hawkins, Colm"]
[Black "Fahey, Aaron"]
[Result "0-1"]
[WhiteElo "730"]
[BlackElo "1532"]
[PlyCount "132"]
[EventDate "2017.??.??"]

1. e4 e6 2. d4 d5 3. exd5 exd5 4. Nf3 Nc6 5. Bb5 Bd6 6. c4 a6 7. Ba4 Nf6 8. Bg5
Be6 9. Nc3 Bb4 10. Ne5 O-O 11. cxd5 Bxd5 12. Ng4 Re8+ 13. Kf1 Bc4+ 14. Kg1 b5
15. Bb3 Bxb3 16. axb3 Be7 17. Bxf6 Bxf6 18. d5 Ne5 19. g3 Nxg4 20. Qxg4 Qd6 21.
Rd1 Rad8 22. Ne4 Qe5 23. Nc3 h5 24. Qf3 b4 25. Na4 Qe2 26. Kg2 Qxf3+ 27. Kxf3
Re5 28. Rd4 Rdxd5 29. Rxb4 Rd3+ 30. Kg2 Re2 31. Nc5 Rd5 32. Nxa6 c5 33. Rc4 Bd4
34. b4 Rxf2+ 35. Kh3 g5 36. g4 hxg4+ 37. Kxg4 Rf4+ 38. Kh3 Rh4+ 39. Kg2 Re5 40.
Rc2 Re3 41. h3 cxb4 42. Nxb4 Be5 43. Nd5 Rg3+ 44. Kf2 Kg7 45. Re2 Bd6 46. Re3
Rxe3 47. Nxe3 Bc5 48. Kf3 Rf4+ 49. Ke2 Re4 50. h4 Rxe3+ 51. Kd2 g4 52. b4 Bb6
53. Rg1 Rd3+ 54. Kxd3 Bxg1 55. Ke4 g3 56. Kf3 Bf2 57. b5 f5 58. b6 f4 59. b7
Ba7 60. Kg2 Kh6 61. Kh3 Kh5 62. Kg2 Kxh4 63. Kf1 f3 64. b8=Q Bxb8 65. Kg1 Ba7+
66. Kh1 g2+ 0-1

[Event "Australian Junior Championship U18 2017"]
[Site "?"]
[Date "2017.01.16"]
[Round "3.1"]
[White "Slater-Jones, Tom"]
[Black "Maguire, Tom"]
[Result "0-1"]
[WhiteElo "2048"]
[BlackElo "2116"]
[PlyCount "190"]
[EventDate "2017.??.??"]

1. d4 Nf6 2. c4 e6 3. Nc3 Bb4 4. Qc2 Nc6 5. e3 d6 6. a3 Bxc3+ 7. Qxc3 a5 8. Bd3
a4 9. Nf3 Qe7 10. Bc2 O-O 11. O-O h6 12. Re1 e5 13. d5 Nb8 14. e4 Nbd7 15. Nh4
Nc5 16. Nf5 Bxf5 17. exf5 c6 18. dxc6 bxc6 19. Qg3 Kh7 20. Bd2 Qb7 21. Rab1 Nb3
22. Bxb3 Qxb3 23. Qxb3 axb3 24. Re3 Rab8 25. Rc1 Nd7 26. Bb4 c5 27. Be1 Rb6 28.
Rd1 Rc8 29. Rdd3 Rcb8 30. f3 Ra6 31. Rxb3 Rxb3 32. Rxb3 Nb6 33. Rc3 Ra4 34. Kf2
Kg8 35. Ke2 Rxc4 36. b3 Rxc3 37. Bxc3 Kf8 38. Kd3 Ke7 39. Ba5 Nd5 40. Kc4 Ne3+
41. Kb5 Nxf5 42. Kb6 Nd4 43. b4 cxb4 44. Bxb4 Nc2 45. Kc6 Nxb4+ 46. axb4 f5 47.
b5 Kd8 48. Kb7 e4 49. fxe4 fxe4 50. b6 e3 51. Ka8 e2 52. b7 e1=Q 53. b8=Q+ Kd7
54. Qb7+ Ke8 55. Qc6+ Kf7 56. Qf3+ Kg8 57. Qb3+ Kh8 58. Qb8+ Kh7 59. Qxd6 Qe4+
60. Kb8 Qxg2 61. Kc7 Qg6 62. Qf4 Qe6 63. Qg3 g5 64. Kd8 Kg7 65. h3 Kf6 66. Qf3+
Kg6 67. Qd3+ Kh5 68. Qg3 Qf6+ 69. Kd7 Qf4 70. Qg2 Kh4 71. Ke6 Qe3+ 72. Kf6 Qg3
73. Qh1 h5 74. Kg6 Qd6+ 75. Kh7 Qe7+ 76. Kg6 Qe6+ 77. Kg7 Qxh3 78. Qe1+ Qg3 79.
Qe4+ g4 80. Qh1+ Qh3 81. Qa1 Qf3 82. Kg6 g3 83. Qe5 g2 84. Qh2+ Qh3 85. Qg1
Qd3+ 86. Kh6 Qd2+ 87. Kg6 Qg5+ 88. Kh7 Kh3 89. Kh8 Kg3 90. Qe1+ Kh2 91. Qf2
Qe5+ 92. Kh7 Qe4+ 93. Kh6 Kh1 94. Kxh5 g1=Q 95. Qf6 Qh7+ 0-1

[Event "Australian Junior Championship U18 2017"]
[Site "?"]
[Date "2017.01.16"]
[Round "3.2"]
[White "Harris, Timothy"]
[Black "Gong, Michael"]
[Result "1/2-1/2"]
[WhiteElo "1636"]
[BlackElo "1626"]
[PlyCount "62"]
[EventDate "2017.??.??"]

1. d4 Nf6 2. Nf3 d5 3. c4 e6 4. g3 Bd6 5. Bg2 O-O 6. O-O b6 7. Nc3 Bb7 8. Ne5
c6 9. Bf4 Qc7 10. Rc1 dxc4 11. e3 b5 12. a4 a6 13. Ne4 Nxe4 14. Bxe4 f5 15. Bg2
Nd7 16. Nxd7 Qxd7 17. b3 Bxf4 18. gxf4 cxb3 19. Qxb3 Rf6 20. Rc5 Kh8 21. Rfc1
Rg6 22. Kh1 Rc8 23. Qc2 h6 24. h3 Kh7 25. Kh2 Ba8 26. Bf3 Bb7 27. Bh5 Rf6 28.
Bf3 Rg6 29. Bg2 Rf6 30. Bxc6 Bxc6 31. Rxc6 Qd5 1/2-1/2

[Event "Australian Junior Championship U18 2017"]
[Site "?"]
[Date "2017.01.16"]
[Round "3.3"]
[White "Harrison, Liam"]
[Black "Yang, Ray"]
[Result "0-1"]
[WhiteElo "1520"]
[BlackElo "2011"]
[PlyCount "92"]
[EventDate "2017.??.??"]

1. e4 e6 2. d4 d5 3. exd5 exd5 4. Nf3 Nc6 5. Bd3 Bg4 6. c3 Bd6 7. Nbd2 Nf6 8.
Qe2+ Ne7 9. h3 Bh5 10. Nf1 Qd7 11. Bg5 O-O-O 12. O-O-O Ng6 13. g4 Nf4 14. Bxf4
Bxf4+ 15. Kb1 Nxg4 16. hxg4 Qxg4 17. Ng1 Qxe2 18. Nxe2 Bf3 19. Rg1 Rde8 20.
Nxf4 Bxd1 21. Ne3 Bf3 22. Rxg7 Be4 23. Rxf7 h5 24. Nexd5 Bxd3+ 25. Nxd3 h4 26.
N3f4 h3 27. Rxc7+ Kd8 28. Nxh3 Rxh3 29. a3 Rh5 30. c4 Rxd5 31. Rxb7 Rxd4 32.
Rxa7 Rxc4 33. Ra8+ Kd7 34. Rxe8 Kxe8 35. Ka2 Kd7 36. Kb3 Rf4 37. a4 Kc6 38. Ka3
Rf3+ 39. Kb4 Kb6 40. b3 Rxf2 41. Kc3 Ka5 42. Kc4 Rc2+ 43. Kd3 Rc8 44. Kd4 Kb4
45. Kd5 Kxb3 46. a5 Ra8 0-1

[Event "Australian Junior Championship U18 2017"]
[Site "?"]
[Date "2017.01.16"]
[Round "3.4"]
[White "Parle, Hughston"]
[Black "Herrmann, Oscar"]
[Result "1-0"]
[WhiteElo "1846"]
[BlackElo "1595"]
[PlyCount "87"]
[EventDate "2017.??.??"]

1. Nf3 e6 2. c4 d5 3. g3 c6 4. b3 Nf6 5. Bg2 Be7 6. O-O O-O 7. Bb2 Nbd7 8. d3
b5 9. Nbd2 Qb6 10. cxb5 cxb5 11. Rc1 Bb7 12. e4 Rfd8 13. e5 Ne8 14. d4 a5 15.
a3 b4 16. a4 Rdc8 17. Nh4 Rxc1 18. Qxc1 Ba6 19. Rd1 Rc8 20. Qb1 g6 21. Nf1 Ng7
22. Ne3 Bb7 23. Qd3 Bxh4 24. gxh4 h5 25. f4 Qa6 26. Qd2 Nb6 27. Bf1 Qa8 28. Qf2
Rc7 29. Bh3 Qd8 30. Qg3 Qe7 31. Rd2 Kh7 32. Rg2 Bc8 33. Kh1 Qf8 34. Rg1 Qe7 35.
Bf1 Nd7 36. Bd3 Nf8 37. h3 Qd8 38. Kh2 Qe7 39. Rg2 Qd8 40. Bb1 Qe7 41. f5 Qe8
42. Qg5 Ra7 43. Bc1 Ra8 44. f6 1-0

[Event "Australian Junior Championship U18 2017"]
[Site "?"]
[Date "2017.01.16"]
[Round "3.5"]
[White "Fahey, Aaron"]
[Black "Mikkelsen, Max"]
[Result "0-1"]
[WhiteElo "1712"]
[BlackElo "1859"]
[PlyCount "88"]
[EventDate "2017.??.??"]

1. e4 Nf6 2. e5 Nd5 3. d4 d6 4. exd6 cxd6 5. Bc4 Nb6 6. Bb3 d5 7. Nf3 Bg4 8. h3
Bh5 9. Bf4 Nc6 10. c3 e6 11. O-O Bd6 12. Bxd6 Qxd6 13. Nbd2 O-O 14. Re1 Nd7 15.
Nf1 Rad8 16. Ng3 Bg6 17. Nh4 e5 18. dxe5 Ndxe5 19. Nxg6 hxg6 20. Qc2 Rfe8 21.
Rad1 Qc5 22. Nf1 d4 23. cxd4 Qxc2 24. Bxc2 Nxd4 25. Be4 Nec6 26. Ng3 f5 27.
Bxc6 Rxe1+ 28. Rxe1 Nxc6 29. Re2 Kf7 30. Kf1 Nb4 31. Re5 Nxa2 32. Ra5 Nc1 33.
Ke1 a6 34. Ra3 Rd7 35. Ne2 Nd3+ 36. Kf1 Nxb2 37. g4 Nc4 38. Ra4 Nd2+ 39. Kg2
Ne4 40. f3 Rd2 41. fxe4 Rxe2+ 42. Kf3 Rxe4 43. Ra2 Rb4 44. Ra5 Kf6 0-1

[Event "Australian Junior Championship U18 2017"]
[Site "?"]
[Date "2017.01.15"]
[Round "3.6"]
[White "White, Henry"]
[Black "De Git, Cole"]
[Result "1/2-1/2"]
[WhiteElo "1610"]
[BlackElo "939"]
[PlyCount "129"]
[EventDate "2017.??.??"]

1. e4 c5 2. Nc3 Nc6 3. f4 d6 4. Nf3 Bg4 5. Bb5 a6 6. Bxc6+ bxc6 7. h3 Bxf3 8.
Qxf3 e6 9. O-O Ra7 10. e5 d5 11. f5 Nh6 12. f6 Nf5 13. Ne2 gxf6 14. exf6 h5 15.
Ng3 Nxg3 16. Qxg3 Kd7 17. d3 Bd6 18. Bf4 Qb8 19. Bxd6 Qxd6 20. Qg7 Qf8 21. Rf4
Ra8 22. Qg3 Rg8 23. Qf2 Qd6 24. h4 Rg6 25. Kh1 Rag8 26. Rg1 Rg4 27. Rf3 d4 28.
g3 R8g6 29. Rg2 Qd5 30. c4 Qd6 31. Qe1 Qc7 32. b4 cxb4 33. Qxb4 c5 34. Qa4+ Qc6
35. Qd1 Qd6 36. Qe1 Qc7 37. Kg1 Qc6 38. Kf2 Qb7 39. Qe5 Qb4 40. Qxh5 Qd2+ 41.
Kf1 Qd1+ 42. Kf2 Qd2+ 43. Kg1 Qd1+ 44. Rf1 Qxd3 45. Qxc5 Rxg3 46. Qe7+ Kc6 47.
Qe8+ Kc5 48. Qc8+ Kb4 49. Qb7+ Kc5 50. Qc7+ Kb4 51. a3+ Qxa3 52. Rb1+ Rb3 53.
Qd6+ Kc3 54. Rxb3+ Qxb3 55. Rxg6 Qb1+ 56. Kf2 Qxg6 57. Qa3+ Kxc4 58. Qxa6+ Kd5
59. Qb5+ Kd6 60. Qb8+ Kd5 61. Qb5+ Kd6 62. Qb8+ Kd5 63. Qb5+ Kd6 64. Qb8+ Kd5
65. Qb5+ 1/2-1/2

[Event "Australian Junior Championship U18 2017"]
[Site "?"]
[Date "2017.01.16"]
[Round "4.1"]
[White "Maguire, Tom"]
[Black "Harris, Timothy"]
[Result "1/2-1/2"]
[WhiteElo "2116"]
[BlackElo "1636"]
[PlyCount "93"]
[EventDate "2017.??.??"]

1. d4 d5 2. Bf4 Nf6 3. e3 c5 4. c3 Nc6 5. Nd2 Bf5 6. Qb3 Qb6 7. dxc5 Qxb3 8.
Nxb3 e5 9. Bg3 Nd7 10. Bb5 a5 11. Rd1 a4 12. Nc1 Be6 13. Nd3 f6 14. Nb4 Nxb4
15. cxb4 b6 16. Bc6 Rb8 17. cxb6 Bxb4+ 18. Ke2 Rxb6 19. Bxd5 Ke7 20. Bxe6 Kxe6
21. Nf3 Ba5 22. Rb1 Rhb8 23. b3 axb3 24. axb3 Rxb3 25. Rxb3 Rxb3 26. Ra1 Bb4
27. Ra7 Ra3 28. Rxa3 Bxa3 29. Nd2 Nc5 30. f3 Bb4 31. Nf1 f5 32. Bf2 e4 33. Ng3
g6 34. Be1 Bxe1 35. Kxe1 Ke5 36. Ne2 g5 37. Kf1 f4 38. exf4+ gxf4 39. fxe4 Kxe4
40. Ng1 Nd3 41. Nf3 h6 42. Nd2+ Ke3 43. Nc4+ Kd4 44. Nd6 Ke5 45. Nf7+ Kf6 46.
Nxh6 Ne5 47. h3 1/2-1/2

[Event "Australian Junior Championship U18 2017"]
[Site "?"]
[Date "2017.01.16"]
[Round "4.2"]
[White "Gong, Michael"]
[Black "Slater-Jones, Tom"]
[Result "0-1"]
[WhiteElo "1626"]
[BlackElo "2048"]
[PlyCount "112"]
[EventDate "2017.??.??"]

1. Nf3 d5 2. d4 Nf6 3. Bf4 Bf5 4. e3 e6 5. Bd3 Bxd3 6. Qxd3 a6 7. Nbd2 c5 8.
O-O Nc6 9. c3 Be7 10. h3 h6 11. Rfe1 g5 12. Bh2 g4 13. hxg4 Nxg4 14. Ne5 Nxh2
15. Nxc6 bxc6 16. Kxh2 f5 17. Nf3 h5 18. Rh1 h4 19. Kg1 c4 20. Qe2 Bf6 21. Ne5
Bxe5 22. dxe5 Qb8 23. f4 Ra7 24. Qf2 Rg7 25. Rb1 Rg4 26. Kf1 Qb5 27. Rh3 Kd7
28. Kg1 a5 29. e4 c5 30. exd5 exd5 31. Qd2 Ke6 32. Rd1 Qc6 33. b3 Rhg8 34. Kf1
cxb3 35. axb3 Rxg2 36. Qxg2 Rxg2 37. Kxg2 d4+ 38. Kg1 Qe4 39. cxd4 cxd4 40.
Rxh4 Qe3+ 41. Kf1 Qf3+ 42. Ke1 Qg3+ 43. Ke2 Qxh4 44. Rxd4 Qg3 45. Ra4 Qxb3 46.
Rxa5 Qc2+ 47. Kf1 Qd1+ 48. Kg2 Qd2+ 49. Kg3 Qxa5 50. Kh4 Qe1+ 51. Kg5 Qg3+ 52.
Kh6 Qxf4+ 53. Kg6 Qg4+ 54. Kh6 Kf7 55. e6+ Kf6 56. e7 Qg6# 0-1

[Event "Australian Junior Championship U18 2017"]
[Site "?"]
[Date "2017.01.16"]
[Round "4.3"]
[White "Yang, Ray"]
[Black "Parle, Hughston"]
[Result "1/2-1/2"]
[WhiteElo "2011"]
[BlackElo "1846"]
[PlyCount "192"]
[EventDate "2017.??.??"]

1. d4 Nf6 2. c4 g6 3. Nc3 d5 4. cxd5 Nxd5 5. e4 Nxc3 6. bxc3 Bg7 7. Qa4+ c6 8.
Nf3 O-O 9. Bg5 h6 10. Be3 Nd7 11. Qa3 b6 12. Rd1 Bb7 13. Be2 c5 14. dxc5 Qc7
15. Nd4 Bxe4 16. Nb5 Qb7 17. f3 Bc6 18. cxb6 Nxb6 19. Nd4 Nd5 20. Bd2 Rfd8 21.
O-O Qb6 22. Kh1 Bxd4 23. cxd4 Qxd4 24. Ba5 Qa4 25. Qxa4 Bxa4 26. Bxd8 Bxd1 27.
Rxd1 Rxd8 28. Bc4 e6 29. Kg1 Kf8 30. Kf2 Ke7 31. Rb1 Nc3 32. Rb3 Nd5 33. a4 Kd6
34. Bxd5 exd5 35. Ke3 Rc8 36. Rb7 Rc7 37. Rb5 Rc3+ 38. Kd2 Ra3 39. Ra5 Ke5 40.
Rxa7 f6 41. Re7+ Kd4 42. Re6 Rxa4 43. Rxf6 Ra2+ 44. Ke1 Rxg2 45. h4 Ke3 46. Kd1
d4 47. Re6+ Kxf3 48. h5 gxh5 49. Rxh6 Rh2 50. Rd6 Ke3 51. Re6+ Kd3 52. Ke1 h4
53. Ra6 h3 54. Ra3+ Ke4 55. Rg3 d3 56. Rg8 Re2+ 57. Kf1 h2 58. Re8+ Kd4 59.
Rd8+ Ke5 60. Re8+ Kf4 61. Rf8+ Ke3 62. Rf3+ Ke4 63. Rf4+ Kd5 64. Rd4+ Ke5 65.
Rd5+ Ke4 66. Rd4+ Kf5 67. Rf4+ Ke5 68. Rf5+ Kd6 69. Rd5+ Ke6 70. Rd6+ Kf7 71.
Rf6+ Ke8 72. Rf8+ Kd7 73. Rd8+ Kc6 74. Rd6+ Kb5 75. Rd5+ Kc4 76. Rd4+ Kc3 77.
Rxd3+ Kc4 78. Rh3 Ra2 79. Rh8 Kd5 80. Rh7 Ke6 81. Rh8 Kf6 82. Rh7 Kg6 83. Rh8
Kg5 84. Rg8+ Kf4 85. Rf8+ Ke3 86. Re8+ Kd2 87. Rd8+ Kc1 88. Rc8+ Kb1 89. Rb8+
Ka1 90. Rh8 Rb2 91. Rh7 Kb1 92. Rh8 Rc2 93. Rb8+ Kc1 94. Rh8 Rd2 95. Rc8+ Kd1
96. Rh8 Kc1 1/2-1/2

[Event "Australian Junior Championship U18 2017"]
[Site "?"]
[Date "2017.01.16"]
[Round "4.4"]
[White "Mikkelsen, Max"]
[Black "Harrison, Liam"]
[Result "1/2-1/2"]
[WhiteElo "1712"]
[BlackElo "1520"]
[PlyCount "38"]
[EventDate "2017.??.??"]

1. e4 e5 2. Nf3 Nc6 3. Bc4 Bc5 4. d3 h6 5. O-O d6 6. h3 Be6 7. Nbd2 Nge7 8. Re1
a6 9. a4 Ng6 10. Bxe6 fxe6 11. Nf1 Nd4 12. Nxd4 exd4 13. Qh5 Qf6 14. e5 dxe5
15. Ng3 Bd6 16. Bd2 O-O-O 17. Qg4 Rhf8 18. Re2 Rf7 19. b4 Ne7 1/2-1/2

[Event "Australian Junior Championship U18 2017"]
[Site "?"]
[Date "2017.01.16"]
[Round "4.5"]
[White "Herrmann, Oscar"]
[Black "White, Henry"]
[Result "0-1"]
[WhiteElo "1595"]
[BlackElo "1610"]
[PlyCount "120"]
[EventDate "2017.??.??"]

1. d4 Nf6 2. c4 e6 3. Nc3 Bb4 4. Qd3 d5 5. Bg5 h6 6. Bh4 g5 7. Bg3 Ne4 8. a3
Bxc3+ 9. bxc3 Nxg3 10. hxg3 c5 11. e3 dxc4 12. Qxc4 Qd5 13. Qd3 f5 14. g4 Qe4
15. gxf5 exf5 16. Nf3 g4 17. Ne5 Nc6 18. Qxe4 fxe4 19. Rh5 cxd4 20. exd4 Ne7
21. Bb5+ Kf8 22. Be2 g3 23. fxg3 Kg7 24. Kd2 Nf5 25. g4 Ng3 26. Rh3 Nxe2 27.
Kxe2 b5 28. Ke3 Bb7 29. Nd7 Rhc8 30. Nc5 Bd5 31. Rah1 Rh8 32. Rh5 Bf7 33. Re5
Rae8 34. Rxe8 Rxe8 35. Rf1 Bg6 36. Rf4 Rc8 37. Ne6+ Kg8 38. Nc5 Kg7 39. Ne6+
Kg8 40. Nc5 Rc6 41. Nxe4 Kg7 42. Rf2 a6 43. Rf4 a5 44. Kd2 Kg8 45. Nc5 Kg7 46.
Ke3 Bf7 47. Rf5 Bg6 48. Rd5 Rc8 49. Rd6 Re8+ 50. Re6 Rf8 51. Re7+ Kg8 52. Re5
Rf1 53. Ke2 Ra1 54. a4 bxa4 55. Kf3 a3 56. Re2 a2 57. Nb3 Rf1+ 58. Ke3 a4 59.
Rxa2 axb3 60. Ra8+ Rf8 0-1

[Event "Australian Junior Championship U18 2017"]
[Site "?"]
[Date "2017.01.16"]
[Round "4.7"]
[White "De Git, Cole"]
[Black "Hawkins, Colm"]
[Result "1/2-1/2"]
[WhiteElo "939"]
[BlackElo "730"]
[PlyCount "102"]
[EventDate "2017.??.??"]

1. e4 e5 2. Nf3 Nc6 3. Bb5 f5 4. exf5 e4 5. Ng1 Nf6 6. c3 a6 7. Ba4 d5 8. d3
Bxf5 9. Bxc6+ bxc6 10. dxe4 Bxe4 11. Nf3 Bd6 12. h3 Qd7 13. Nbd2 Bf5 14. Qe2+
Kf7 15. Nf1 h6 16. Ne3 Rhe8 17. Nd4 Bg6 18. Bd2 c5 19. Nf3 Rab8 20. b3 Kf8 21.
g4 Bf4 22. Nh4 Bf7 23. Nhg2 Bxe3 24. fxe3 d4 25. O-O Re5 26. Rad1 Qc6 27. Rf2
Rbe8 28. Qf1 dxe3 29. Bxe3 Bd5 30. Bxh6 Bxg2 31. Rxf6+ Kg8 32. Rxc6 Bxf1 33.
Bxg7 Kxg7 34. Rxc7+ Kg6 35. Rxf1 Re3 36. Rxc5 Rxh3 37. Kg2 Ree3 38. Rf2 Reg3+
39. Kf1 Rh1+ 40. Ke2 Ra1 41. Rc6+ Kg5 42. Rxa6 Rb1 43. Rf1 Rb2+ 44. Ke1 Rxc3
45. Kd1 Rcc2 46. Ra5+ Kg6 47. g5 Rd2+ 48. Kc1 Rdc2+ 49. Kd1 Rd2+ 50. Ke1 Re2+
51. Kd1 Red2+ 1/2-1/2